RICS Guidance and Definitions of Surveying Services (Record no. 121479)
[ view plain ]
| 000 -LEADER | |
|---|---|
| fixed length control field | 00750nam a22001697a 4500 |
| 008 - FIXED-LENGTH DATA ELEMENTS--GENERAL INFORMATION | |
| fixed length control field | 230408s2023 xxk||||| |||| 00| 0 eng d |
| 041 ## - LANGUAGE CODE | |
| Language code of text/sound track or separate title | eng |
| 245 ## - TITLE STATEMENT | |
| Title | RICS Guidance and Definitions of Surveying Services |
| 260 ## - PUBLICATION INFORMATION | |
| Date | 2023 |
| 300 ## - PHYSICAL DESCRIPTION | |
| Physical description | 9p. |
| 520 ## - ABSTRACT | |
| Abstract | A list of typical surveying services. The list is not exhaustive but more an indicator of typical roles from Building Pathology and Construction Cost Management to Rural Estate Management and Valuation |
| 651 ## - SUBJECT ADDED ENTRY--GEOGRAPHIC NAME | |
| Geographic name | International |
| 690 ## - BROAD SUBJECT | |
| 9 (RLIN) | 6277 |
| Broad subject | RICS |
| 710 ## - ADDED CORPORATE NAME | |
| Added corporate author | Royal Institution of Chartered Surveyors |
| 856 ## - ONLINE RESOURCE | |
| Uniform Resource Identifier | <a href="https://rics.koha-ptfs.co.uk/cgi-bin/koha/opac-retrieve-file.pl?id=a14db88aa82512fd7850f5dd8ee8821c">https://rics.koha-ptfs.co.uk/cgi-bin/koha/opac-retrieve-file.pl?id=a14db88aa82512fd7850f5dd8ee8821c</a> |
| Public note | Available via RICS Knowledge Services |
| 942 ## - ADDED ENTRY ELEMENTS (KOHA) | |
| Suppress in OPAC | Do not suppress in OPAC |
| Lost status | Damaged status | Not for loan | Home library | Current library | Shelving location | Date acquired | Total Checkouts | Date last seen | Price effective from | Koha item type |
|---|---|---|---|---|---|---|---|---|---|---|
| Virtual | Virtual | Online | 28/04/2023 | 28/04/2023 | 28/04/2023 | News article |